Những khía cạnh Triết học trong tín ngưỡng thờ cúng tổ tiên của người Việt ở Đồng bằng Bắc Bộ hiện nay
Cuốn sách trình bày có hệ thống về nguồn gốc, bản chất và những khía cạnh triết học của tín ngưỡng thờ cúng tổ tiên của người Việt ỏư đồng bằng Bắc Bộ. Một số phương hướng và giải pháp được đề xuất nhằm phát huy những yế...
Enregistré dans:
| Auteur principal: | |
|---|---|
| Format: | Livre |
| Langue: | Undetermined |
| Publié: |
Hà Nội
Chính trị quốc gia
2010
|
| Sujets: | |
| Tags: |
Ajouter un tag
Pas de tags, Soyez le premier à ajouter un tag!
|
| Thư viện lưu trữ: | Trung tâm Học liệu Trường Đại học Cần Thơ |
|---|
| LEADER | 01273nam a2200229Ia 4500 | ||
|---|---|---|---|
| 001 | CTU_159767 | ||
| 008 | 210402s9999 xx 000 0 und d | ||
| 020 | |c 32000 | ||
| 082 | |a 390.09597 | ||
| 082 | |b S312 | ||
| 100 | |a Trần, Đăng Sinh | ||
| 245 | 0 | |a Những khía cạnh Triết học trong tín ngưỡng thờ cúng tổ tiên của người Việt ở Đồng bằng Bắc Bộ hiện nay | |
| 245 | 0 | |c Trần Đăng Sinh | |
| 260 | |a Hà Nội | ||
| 260 | |b Chính trị quốc gia | ||
| 260 | |c 2010 | ||
| 520 | |a Cuốn sách trình bày có hệ thống về nguồn gốc, bản chất và những khía cạnh triết học của tín ngưỡng thờ cúng tổ tiên của người Việt ỏư đồng bằng Bắc Bộ. Một số phương hướng và giải pháp được đề xuất nhằm phát huy những yếu tố tích cực, khắc phục những yếu tố tiêu cực... | ||
| 650 | |a Manners and customs,Phong tục tập quán | ||
| 650 | |x Folklore,Truyền thống | ||
| 650 | |z Vietnam,Việt Nam | ||
| 904 | |i Thảo, Hải | ||
| 980 | |a Trung tâm Học liệu Trường Đại học Cần Thơ | ||